Commercial and industrial guide, 1999-2000 (Record no. 487200)

000 -LEADER
fixed length control field 00331cam a22001097a 4500
008 - FIXED-LENGTH DATA ELEMENTS--GENERAL INFORMATION
fixed length control field 180718b1999 xxu||||| |||| 00| 0 eng d
082 ## - DEWEY DECIMAL CLASSIFICATION NUMBER
Classification number T3055x54 C736
245 ## - TITLE STATEMENT
Title Commercial and industrial guide, 1999-2000
260 ## - PUBLICATION, DISTRIBUTION, ETC.
Place of publication, distribution, etc. New Delhi
Name of publisher, distributor, etc. Integrated Databases (I) Ltd.
Date of publication, distribution, etc. 1999
300 ## - PHYSICAL DESCRIPTION
Extent 445+p.
650 ## - SUBJECT ADDED ENTRY--TOPICAL TERM
Topical term or geographic name entry element Business - Directories - India
Holdings
Withdrawn status Lost status Damaged status Not for loan Permanent Location Current Location Date acquired Full call number Barcode Date last seen Price effective from Koha item type
        Indian Institute of Public Administration Indian Institute of Public Administration 2018-08-04 T3055x54 C736 GG23270 2018-08-04 2018-08-04 GG

Powered by Koha